[Event "Jch-RUS g20"]
[Site "Essentuki RUS"]
[Date "2003.03.13"]
[Round "11"]
[White "Korbut,E"]
[Black "Rybenko,K"]
[Result "1-0"]
[WhiteElo "2312"]
[BlackElo "2287"]

1.e4 c5 2.Nc3 Nc6 3.Nge2 e5 4.g3 g6 5.d3 Bg7 6.Bg2 d6 7.O-O Bg4 8.h3 Be6
9.Be3 Qd7 10.Kh2 Nge7 11.Qd2 h5 12.Nd5 h4 13.Ng1 f6 14.c3 g5 15.g4 Ng6 16.b4 cxb4
17.cxb4 Nf4 18.Bf3 Kf7 19.Ne2 Nxe2 20.Bxe2 Bxd5 21.exd5 Ne7 22.d4 f5 23.Bxg5 exd4
24.Rae1 Rae8 25.f3 Be5+ 26.f4 Bg7 27.gxf5 Nxd5 28.Bc4 Qxf5 29.Qg2 Re3 30.Qxd5+ Qxd5
31.Bxd5+ Kg6 32.Rxe3 dxe3 33.Be4+ Kf7 34.f5 Re8 35.Bd5+ Kf8 36.Be6  1-0

[Event "Tch-SWE 2002-3"]
[Site "Sweden SWE"]
[Date "2003.03.14"]
[Round "9"]
[White "Carlsson,P"]
[Black "Eklund,LG"]
[Result "1-0"]
[WhiteElo "2371"]
[BlackElo "2275"]

1.e4 c5 2.Nf3 Nc6 3.Nc3 e6 4.Bb5 Nf6 5.Bxc6 bxc6 6.d3 d5 7.O-O Be7 8.b3 O-O
9.Qe2 Ne8 10.Na4 f5 11.exf5 Rxf5 12.Ba3 d4 13.Nd2 Nf6 14.Ne4 Qf8 15.Rae1 Bd7
16.c4 dxc3 17.Nxf6+ Qxf6 18.Qe3 Rd8 19.Bxc5 Bxc5 20.Nxc5 Bc8 21.Rc1 Rfd5
22.Rfd1 a5 23.Ne4 Qd4 24.Qxd4 Rxd4 25.Nc5 e5 26.f3 a4 27.Rxc3 axb3 28.axb3 Bf5
29.Kf2 Ra8 30.Rd2 g5 31.h3 h5 32.Ke3 Ra1 33.g4 hxg4 34.hxg4 Bg6 35.Ne6 Rd6
36.Nxg5 Rf1 37.Ne4 Bxe4 38.Kxe4 Re1+ 39.Kf5 Kg7 40.g5 Re3 41.f4 Rf3 42.Kxe5  1-0

[Event "TCh-FIN 2002-3"]
[Site "Finland FIN"]
[Date "2003.03.15"]
[Round "8"]
[White "Hamalainen,S"]
[Black "Rantanen,T"]
[Result "1/2-1/2"]
[WhiteElo "2168"]
[BlackElo "2166"]

1.e4 c5 2.Nf3 Nc6 3.Nc3 Nd4 4.Bc4 e6 5.Nxd4 cxd4 6.Nb5 Bc5 7.c3 d5 8.cxd4 Bb6
9.exd5 exd5 10.Bb3 Nf6 11.Qe2+ Be6 12.d3 a6 13.Nc3 Bxd4 14.Bg5 O-O 15.O-O Qd6
16.h3 Nd7 17.Qf3 Ne5 18.Qg3 Qd7 19.Bf6 Nf3+ 20.Qxf3 Bxf6 21.Nxd5 Bxb2 22.Nb6 Qd8
23.Nxa8 Bxa1 24.Rxa1 Bxb3 25.axb3 Qxa8 26.Re1 Qc8 27.Re7 b5 28.Qe4 h6 29.g3 Rd8
30.Qf3 Rf8 31.Kg2 Qc3 32.Qd5 Qf6 33.Qe4 Rd8 34.Re8+ Rxe8 35.Qxe8+ Kh7 36.Qe4+ g6
37.Qb7 Kg7 38.h4 Qe6 39.b4 Kf6 40.Qf3+ Qf5 41.Qc6+ Qe6 42.Qf3+ Kg7 43.Qb7 Qd6
44.Qe4 f5 45.Qb7+ Kf6 46.Qa8 Qxb4 47.Qxa6+ Kf7 48.Qb7+ Kf6 49.Qc6+ Kf7 50.Qd7+ Kf6
51.d4 Qb1 52.Qd6+  1/2-1/2

[Event "Tch-SWE 2002-3"]
[Site "Sweden SWE"]
[Date "2003.03.15"]
[Round "10"]
[White "Carlsson,P"]
[Black "Ahlander,B"]
[Result "0-1"]
[WhiteElo "2371"]
[BlackElo "2389"]

1.e4 c5 2.Nf3 Nc6 3.Nc3 e6 4.Bb5 Nge7 5.O-O a6 6.Bxc6 Nxc6 7.d4 cxd4 8.Nxd4 Be7
9.Nxc6 bxc6 10.e5 O-O 11.Bf4 Rb8 12.b3 Rb4 13.Ne2 c5 14.c4 Rb8 15.Ng3 Bb7
16.Qg4 Kh8 17.Rad1 Rc8 18.Rd3 f5 19.exf6 Rxf6 20.Be5 Rg6 21.Qd1 d5 22.cxd5 exd5
23.f4 Bd6 24.f5 Rh6 25.Bxd6 Qxd6 26.Qe2 Bc6 27.a4 d4 28.Re1 Kg8 29.Qg4 Qd5
30.Re2 Rf8 31.Qf4 Re6 32.Qd2 Rxe2 33.Qxe2 Re8 34.Qf3 Qd6 35.Qf2 Bd5 36.Nh5 Bf7
37.Ng3 Qe5 38.h3 a5 39.Kh2 h5 40.h4 Bd5 41.Kh3 Rf8 42.Rd2 Bxb3 43.Re2 Qf6
44.Qf3 Bd1 45.Qd5+ Kh7 46.Ne4 Qxf5+ 47.Qxf5+ Rxf5 48.Rb2 Bxa4 49.Rb6 Re5
50.Ng5+ Kg8 51.Kg3 c4 52.Kf4 Re8 53.Rd6 d3 54.Ne4 Rxe4+ 55.Kxe4 Bc2 56.Kd4 d2  0-1

[Event "Tch-SWE 2002-3"]
[Site "Sweden SWE"]
[Date "2003.03.15"]
[Round "10"]
[White "Hermansson,E"]
[Black "Tikkanen,H"]
[Result "1-0"]
[WhiteElo "2387"]
[BlackElo "2306"]

1.e4 c5 2.Nf3 Nc6 3.Nc3 g6 4.d4 cxd4 5.Nxd4 Bg7 6.Be3 Nf6 7.Bc4 O-O 8.Bb3 d6
9.f3 Bd7 10.Qd2 Nxd4 11.Bxd4 b5 12.a4 b4 13.Nd5 Nxd5 14.exd5 a5 15.Bxg7 Kxg7
16.Qd4+ Kg8 17.h4 e5 18.dxe6 Bxe6 19.O-O-O Bxb3 20.cxb3 Qc8+ 21.Kb1 Qf5+
22.Ka2 Rfd8 23.Rhe1 Rac8 24.Rd2 Rc7 25.Re5 Qxe5 26.Qxe5 dxe5 27.Rxd8+ Kg7
28.Rd5 Re7 29.Rxa5 f5 30.Kb1 e4 31.fxe4 fxe4 32.Kc2 e3 33.Kd1 Rd7+ 34.Ke2 Rd2+
35.Kxe3 Rxb2 36.Ra7+ Kg8 37.Kd4 Rxb3 38.Kc4 Rg3 39.a5 Rxg2 40.a6 g5 41.hxg5 Rg4+
42.Kb3 Rg3+ 43.Kxb4 Rg4+ 44.Kc3 Rg3+ 45.Kd4 Rg4+ 46.Ke3 Rg3+ 47.Kf4 Ra3 48.Ke4 Ra4+
49.Kd5 Ra5+ 50.Kc6 Ra1 51.Ra8+ Kg7 52.Kb7 Rb1+ 53.Ka7 Rb5 54.Rb8 Rxg5 55.Rb6 Rf5
56.Ka8 Rf8+ 57.Rb8 Rf6 58.a7 Kg6 59.Rb5 h5 60.Kb7 Rf7+ 61.Ka6 Rf8 62.Rb8 Rf1
63.Rb6+  1-0

[Event "19th Open"]
[Site "Bad Woerishofen GER"]
[Date "2003.03.16"]
[Round "4"]
[White "Kupreichik,V"]
[Black "Sprenger,J"]
[Result "1/2-1/2"]
[WhiteElo "2490"]
[BlackElo "2431"]

1.e4 c5 2.Ne2 Nc6 3.Nbc3 Nf6 4.d4 cxd4 5.Nxd4 e5 6.Ndb5 d6 7.Bg5 a6 8.Na3 b5
9.Nd5 Be7 10.Bxf6 Bxf6 11.c3 O-O 12.Nc2 Rb8 13.Be2 Bg5 14.Qd3 a5 15.a3 Ne7
16.Nce3 Bxe3 17.Nxe3 Qb6 18.O-O Rd8 19.b4 Be6 20.bxa5 Qxa5 21.Rfb1 d5 22.exd5 Nxd5
23.Rxb5 Qxc3 24.Rxb8 Rxb8 25.Qxc3 Nxc3 26.Bf1 Ra8 27.Nd1 Na4 28.Bb5 Kf8 29.Kf1 Ra5
30.Bd3  1/2-1/2

[Event "TCh-FIN 2002-3"]
[Site "Finland FIN"]
[Date "2003.03.16"]
[Round "9"]
[White "Salimaki,J"]
[Black "Fieandt,J"]
[Result "1-0"]
[WhiteElo "2186"]
[BlackElo "2181"]

1.e4 c5 2.Nc3 Nc6 3.Bb5 g6 4.Bxc6 bxc6 5.d3 e5 6.f4 exf4 7.Bxf4 Qf6 8.Nge2 g5
9.Be3 d6 10.Qd2 h6 11.O-O-O Bg7 12.d4 Bg4 13.dxc5 Bxe2 14.Qxe2 Rb8 15.Rhf1 Qe6
16.Rxd6 Qe7 17.Qa6  1-0

[Event "19th Open"]
[Site "Bad Woerishofen GER"]
[Date "2003.03.19"]
[Round "7"]
[White "Mueller,Man"]
[Black "Hajenius,W"]
[Result "0-1"]
[WhiteElo "2153"]
[BlackElo "2018"]

1.e4 c5 2.Nf3 Nc6 3.Nc3 Nf6 4.d4 d5 5.exd5 Nxd5 6.Nxd5 Qxd5 7.Be3 cxd4 8.Nxd4 a6
9.c3 e5 10.Nxc6 Qxc6 11.Qd2 Bg4 12.f3 Be6 13.Be2 Rd8 14.Qc2 Be7 15.O-O O-O
16.Rad1 Bc5 17.Bxc5 Qxc5+ 18.Kh1 Rc8 19.Rd2 f5 20.Rfd1 Rce8 21.Rd6 e4 22.Rxe6 Rxe6
23.Qb3 Re8 24.Bc4 Qe7 25.fxe4 fxe4 26.Bxe6+ Qxe6 27.Rd8 Qxb3 28.Rxe8+ Kf7
29.axb3 Kxe8 30.Kg1 Ke7 31.Kf2 Ke6 32.Ke3 Ke5 33.c4 a5 34.g3 g6 35.h3 h6
36.g4 g5  0-1

[Event "Amber Rapid"]
[Site "Monte Carlo MNC"]
[Date "2003.03.20"]
[Round "5"]
[White "Ivanchuk,V"]
[Black "Van Wely,L"]
[Result "1-0"]
[WhiteElo "2699"]
[BlackElo "2668"]

1.e4 c5 2.Nf3 Nc6 3.Nc3 e5 4.Bc4 Be7 5.d3 d6 6.O-O Nf6 7.h3 O-O 8.Bd2 Nd4
9.Nd5 Nxd5 10.Bxd5 Be6 11.Bxe6 fxe6 12.Nxd4 cxd4 13.c3 Qb6 14.cxd4 exd4 15.b4 Qb5
16.Qb3 Qd7 17.f4 Kh8 18.Rf3 Rac8 19.a4 h6 20.Re1 Bf6 21.Ref1 Qe7 22.b5 e5
23.fxe5 Bxe5 24.Rf7 Rxf7 25.Rxf7 Qh4 26.Qe6 Rg8 27.Qg6 Rc8 28.Qe6 Rb8 29.Qg6 Rc8
30.Kf1 Rb8 31.a5 Kg8 32.Ke2 Kh8 33.Qg4 Qd8 34.Bxh6 Qg8 35.Qg6 Rf8 36.Rxf8 Qxf8
37.Bd2 Qc8 38.Qf7 Qc2 39.g4 Qb1 40.g5 Qg1 41.g6  1-0

[Event "TCh-AUT B"]
[Site "Mitte AUT"]
[Date "2003.03.22"]
[Round "10"]
[White "Pilaj,H"]
[Black "Manca,F"]
[Result "0-1"]
[WhiteElo "2333"]
[BlackElo "2349"]

1.e4 c5 2.Nc3 Nc6 3.Bb5 e6 4.Nf3 Nge7 5.O-O Ng6 6.Bxc6 bxc6 7.e5 Be7 8.Ne4 O-O
9.d4 cxd4 10.Qxd4 f6 11.Be3 Qc7 12.exf6 gxf6 13.c4 f5 14.Nc3 c5 15.Qd3 Bb7
16.Bh6 Rf7 17.Rad1 Bf8 18.Bxf8 Raxf8 19.Nb5 Qb8 20.Qe3 Rg7 21.Kh1 Ne5 22.Nd6 Ng4
23.Qxc5 Nxh2 24.Kxh2 Bxf3 25.Rd3 Rxg2+ 26.Kh3 Qa8 27.Qe5 Rg6 28.Qf4 Bg2+  0-1

[Event "Spring Open"]
[Site "Belgrade YUG"]
[Date "2003.03.28"]
[Round "4"]
[White "Bacvanin,S"]
[Black "Andjelkovic,P"]
[Result "1/2-1/2"]
[WhiteElo "2167"]
[BlackElo "2004"]

1.e4 c5 2.Nf3 Nc6 3.Nc3 d6 4.d3 Nf6 5.g3 g6 6.Bg2 Bg7 7.Bg5 a6 8.a4 O-O 9.Qc1 Be6
10.Bh6 Qc8 11.h4 Nh5 12.Bxg7 Kxg7 13.Nd5 Bxd5 14.exd5 Nb4 15.Nd2 Nf6 16.h5 Nbxd5
17.Ne4 Rh8 18.h6+ Kf8 19.Qg5 Qe6 20.O-O-O Nxe4 21.Bxe4 f5 22.Bxd5 Qxd5 23.Rhe1 Qf7
24.d4 Rc8 25.d5 Ke8 26.Re6 Kd7 27.Rde1 Rhe8 28.Qd2 Qf8 29.Kb1 Qh8 30.Qe3 Qf8
31.Qb3 Rc7 32.Qb6 Qxh6 33.Rxe7+ Rxe7 34.Rxe7+ Kxe7 35.Qxc7+ Ke8 36.Qxd6 Qh1+
37.Ka2 Qe4 38.Qb8+ Kf7 39.Qxb7+ Kf8 40.Qc8+ Kg7 41.Qc7+ Kf6 42.d6 Qc4+ 43.Kb1  1/2-1/2

[Event "69th ch-BLR"]
[Site "Minsk BLR"]
[Date "2003.03.28"]
[Round "1"]
[White "Smirnov,Va"]
[Black "Zhigalko,S"]
[Result "1/2-1/2"]
[WhiteElo "2400"]
[BlackElo "2293"]

1.e4 c5 2.Nf3 Nc6 3.Nc3 e5 4.Bc4 d6 5.d3 Be7 6.Nd2 Nf6 7.Nf1 Bg4 8.f3 Be6
9.Ne3 O-O 10.O-O Nd7 11.Ncd5 Bg5 12.f4 exf4 13.Nxf4 Bxf4 14.Rxf4 Nde5 15.Bb3 Nd4
16.Bd5 Bxd5 17.exd5 Nb5 18.a4 Nc7 19.d4 Ng6 20.Rf2 b6 21.Nf5 c4 22.Ra3 Nxd5
23.Rh3 Re8 24.Bh6 Re4 25.Nxg7 Ndf4 26.Bxf4 Kxg7 27.Qh5 Re1+ 28.Rf1 Rxf1+
29.Kxf1 Qf6 30.Qxh7+ Kf8 31.Rf3 Nxf4 32.Qe4 Re8 33.Qxf4 Qe6 34.Qd2 Qg6 35.h3 Re4
36.Kg1 Qe6 37.c3 Re2 38.Qg5 Ke8 39.Rf2 Re1+ 40.Kh2 Rh1+ 41.Kxh1 Qe1+ 42.Kh2 Qxf2
43.Qb5+ Kf8 44.Qxc4 Qf4+ 45.Kg1 Qe3+ 46.Kf1 Qc1+ 47.Kf2 Qxb2+ 48.Kf3 Qc2
49.Qc6 Qf5+ 50.Ke3 d5 51.Qd6+ Kg8 52.Qg3+ Kh7 53.Qf4 Qd7 54.g4 Qe6+ 55.Kd2 Kg8
56.Qb8+ Kg7 57.Qxa7 Qf6 58.Qc7 Qf2+ 59.Kc1 Qe1+ 60.Kc2 Qe2+  1/2-1/2

[Event "Spring Festival IM"]
[Site "Bucharest ROM"]
[Date "2003.03.29"]
[Round "9"]
[White "Sebe,F"]
[Black "Barnaure,V"]
[Result "1-0"]
[WhiteElo "2263"]
[BlackElo "2309"]

1.e4 c5 2.Nc3 Nc6 3.Nf3 e5 4.Bc4 d6 5.d3 Be7 6.O-O Nf6 7.Ng5 O-O 8.f4 exf4
9.Bxf4 h6 10.Nf3 Be6 11.Nd5 Bxd5 12.exd5 Na5 13.Nh4 Qd7 14.Bxh6 Ng4 15.Bb5 Qc8
16.Nf5 Qxf5 17.Rxf5 Nxh6 18.Rf2 a6 19.Bd7 Rad8 20.Bh3 b5 21.Qe1  1-0

[Event "Spring Open"]
[Site "Belgrade YUG"]
[Date "2003.03.30"]
[Round "6"]
[White "Jovanovic,ST"]
[Black "Ivanovic,N"]
[Result "1-0"]
[WhiteElo "2297"]
[BlackElo "2224"]

1.e4 c5 2.Nf3 Nc6 3.Nc3 g6 4.Bc4 Bg7 5.O-O e6 6.d4 cxd4 7.Nb5 d6 8.Nfxd4 Nxd4
9.Nxd4 a6 10.Nf3 Ne7 11.Bf4 e5 12.Bd2 Nc6 13.h3 O-O 14.Bd5 Be6 15.c4 Rc8
16.Bg5 Qd7 17.Be3 Bxd5 18.cxd5 Ne7 19.Nd2 f5 20.f3 Qb5 21.Qb3 fxe4 22.Qxb5 axb5
23.fxe4 Rc2 24.Rxf8+ Kxf8 25.Rb1 Ng8 26.Kf2 Bh6 27.Bxh6+ Nxh6 28.Ke3 Ng8
29.Kd3 Rc7 30.Rf1+ Ke7 31.Nf3 Nf6 32.Nxe5 Nxe4 33.Rf7+ Kd8 34.Kxe4  1-0

[Event "TSIM March"]
[Site "Subotica YUG"]
[Date "2003.03.30"]
[Round "8"]
[White "Marholev,D"]
[Black "Bozzali,E"]
[Result "1-0"]
[WhiteElo "2284"]
[BlackElo "2135"]

1.e4 c5 2.Nc3 Nc6 3.Bb5 Nd4 4.Bc4 e6 5.Nge2 a6 6.a4 b6 7.O-O Bb7 8.d3 Nf6
9.e5 d5 10.exf6 dxc4 11.fxg7 Bxg7 12.dxc4 Qf6 13.Nxd4 cxd4 14.Ne2 e5 15.Ng3 Qc6
16.f3 Qxc4 17.Nf5 Bf8 18.Kh1 Bc8 19.b3 Qc6 20.Qe2 Qd5 21.Qd3 Be6 22.Re1 Rg8
23.Bd2 Rg6 24.Re2 Bd6 25.Nxd6+ Qxd6 26.Rae1 Kd7 27.Rxe5 Rag8 28.g3 h5 29.Bf4 h4
30.Rxe6 Rxe6 31.Bxd6 Rxe1+ 32.Kg2 Kxd6 33.Qxd4+ Ke6 34.Qc4+  1-0

[Event "Friendship Cup AZE-IRI"]
[Site "Baku AZE"]
[Date "2003.04.01"]
[Round "4"]
[White "Babaev,Ra"]
[Black "Moradi,B"]
[Result "1-0"]
[WhiteElo "2406"]
[BlackElo "2216"]

1.e4 c5 2.Nf3 Nc6 3.Nc3 d6 4.d4 cxd4 5.Nxd4 Nf6 6.Be2 e5 7.Nf3 h6 8.O-O Be7
9.h3 O-O 10.Re1 Re8 11.Bf1 Bf8 12.b3 a6 13.Bb2 Ne7 14.a4 b6 15.Nd2 Ng6 16.Nc4 Bb7
17.g3 b5 18.axb5 axb5 19.Nxb5 Nxe4 20.Bg2 Rxa1 21.Bxa1 d5 22.Bxe4 dxe4 23.Nbd6 Ba8
24.Nxe8 Qxe8 25.Ne3 Bc5 26.h4 Kh7 27.h5 Nf8 28.Qg4 f6 29.Rd1 Ne6 30.Qg6+ Qxg6
31.hxg6+ Kxg6 32.Bc3 Nd4 33.Kf1 Bc6 34.Ra1 Bb5+ 35.Kg2 f5 36.Ra5 Bb6 37.Ra8 Bc5
38.Rd8 Be2 39.Rd5 Bf3+ 40.Kh2 Bf8 41.Rxe5 Ne2 42.Rxf5 Be7 43.Bb2 Bb4 44.c3 Nxc3
45.Re5 Ne2 46.Nc2 Bd2 47.Nd4 Nxd4 48.Bxd4 Kf7 49.Rb5 g5 50.Rb7+ Kg6 51.Rb6+ Kh7
52.b4 h5 53.Be3 Be1 54.b5 h4 55.Rd6 Bb4 56.Rd7+ Kg6 57.b6 Bg4 58.b7  1-0

[Event "29th ch-BAN"]
[Site "Dhaka BAN"]
[Date "2003.04.03"]
[Round "8"]
[White "Hossain,P"]
[Black "Hasan,M"]
[Result "1-0"]
[WhiteElo "2217"]
[BlackElo "2211"]

1.e4 c5 2.Nf3 Nc6 3.Nc3 e6 4.Bb5 Nge7 5.d4 cxd4 6.Nxd4 Qc7 7.O-O Ng6 8.Be3 h5
9.f4 d6 10.Be2 h4 11.f5 Nge5 12.fxe6 Bxe6 13.Nxe6 fxe6 14.Nb5 Qd7 15.h3 Be7
16.c4 b6 17.Qd2 a6 18.Nd4 Bf6 19.Rad1 Ke7 20.Nf3 Qc7 21.Kh1 Raf8 22.Bxb6 Nxf3
23.Bxc7 Nxd2 24.Rxd2 Bd4 25.Rfd1 e5 26.b4 Nxb4 27.Rb1 Nc6 28.Rb7 Nd8 29.Bxd8+ Kxd8
30.Rd1 Rh6 31.Rdb1 Rhf6 32.c5 dxc5 33.Bc4 Rf2 34.Rb8+ Ke7 35.R1b7+ Kd6 36.Rb6+ Kc7
37.R8b7+ Kd8 38.Rb1 R8f4 39.Kh2 g5 40.Be6 Rxe4 41.Rd7+  1-0

[Event "2nd March Masters"]
[Site "San Francisco USA"]
[Date "2003.04.03"]
[Round "5"]
[White "Margulis,I"]
[Black "Pinto,Mark"]
[Result "1/2-1/2"]
[WhiteElo "2227"]
[BlackElo "2090"]

1.e4 c5 2.Nf3 Nc6 3.Nc3 g6 4.Bb5 Bg7 5.O-O Nd4 6.Bc4 d6 7.d3 e6 8.Nxd4 cxd4
9.Ne2 Ne7 10.f4 O-O 11.Bb3 a5 12.a4 Bd7 13.g4 f5 14.Ng3 Kh8 15.g5 Qc7 16.h4 e5
17.Qe2 Rae8 18.h5 exf4 19.Bxf4 fxe4 20.dxe4 Qc5 21.Kh2 Rxf4 22.Rxf4 Qxg5
23.Raf1 Nf5 24.Nxf5 gxf5 25.Qg2 Qxg2+ 26.Kxg2 fxe4 27.Bd5 Bc6 28.Bxc6 bxc6
29.Rg4 e3 30.Kf3 c5  1/2-1/2

[Event "OSS IM"]
[Site "Oslo NOR"]
[Date "2003.04.04"]
[Round "3"]
[White "Hermansson,E"]
[Black "Karlsen,T"]
[Result "1/2-1/2"]
[WhiteElo "2396"]
[BlackElo "2099"]

1.e4 c5 2.Nf3 Nc6 3.Nc3 Nf6 4.Bb5 e5 5.d3 d6 6.Nd2 Be7 7.Nf1 O-O 8.Ne3 Rb8
9.a4 Nb4 10.Bc4 Be6 11.O-O d5 12.exd5 Nfxd5 13.Re1 Nxe3 14.Bxe3  1/2-1/2

[Event "National I"]
[Site "Besancon FRA"]
[Date "2003.04.05"]
[Round "5"]
[White "Hamdouchi,H"]
[Black "Wirig,A"]
[Result "1-0"]
[WhiteElo "2605"]
[BlackElo "2347"]

1.e4 c5 2.Nc3 Nc6 3.Bb5 Nd4 4.Bc4 e6 5.Nf3 Nf6 6.O-O a6 7.d3 d5 8.exd5 exd5
9.Nxd5 Nxd5 10.Nxd4 cxd4 11.Qh5 Be6 12.Re1 Be7 13.Rxe6 Nf6 14.Rxf6 gxf6 15.Qxf7+ Kd7
16.Bf4 Qa5 17.Qe6+ Kd8 18.Re1 Re8 19.Re4 Qc5 20.b4 Qa7 21.Qd5+ Kc8 22.Qa5  1-0

[Event "National I"]
[Site "Besancon FRA"]
[Date "2003.04.05"]
[Round "5"]
[White "Muller,A"]
[Black "Nicoara,M"]
[Result "1/2-1/2"]
[WhiteElo "2173"]
[BlackElo "2268"]

1.e4 c5 2.Nc3 Nc6 3.Bb5 d6 4.Bxc6+ bxc6 5.d3 e5 6.Nge2 Be7 7.O-O Bg5 8.f4 exf4
9.Nxf4 Nh6 10.Kh1 O-O 11.Bd2 Ng4 12.Nh3 Ne3 13.Bxe3 Bxe3 14.Qe1 Bd4 15.Ng1 Rb8
16.Rb1 Be6 17.b3 Bg4 18.Nf3 Bxf3 19.Rxf3 Qg5 20.Ne2 Be5 21.Ng1 Rbe8 22.Qe3 Qd8
23.Rff1 Bd4 24.Qf4 Be5 25.Qf2 Re6 26.Nf3 Rf6 27.Qe2 Bc3 28.Rbd1 Re6 29.d4 cxd4
30.Nxd4 Bxd4 31.Rxd4 Qh4 32.Qd3 Rf6 33.Rxf6 Qxf6 34.h3 Rd8 35.a4 Qe5 36.c4 h6
37.b4 c5 38.bxc5 Qxc5 39.Rd5 Qf2 40.c5 Rc8 41.Rxd6 Rxc5 42.Rd8+ Kh7 43.Qf3 Rc1+  1/2-1/2

[Event "FRA-chT"]
[Site "France"]
[Date "2003.04.05"]
[Round "6.8"]
[White "Arizmendi Martinez, Julen Luis"]
[Black "Etchegaray, Patrice"]
[Result "1-0"]
[WhiteElo "2520"]
[BlackElo "2344"]

1.e4 c5 2.Nf3 Nc6 3.Nc3 g6 4.d4 cxd4 5.Nxd4 Bg7 6.Be3 Nf6 7.Bc4 O-O 8.Bb3 d6
9.f3 Bd7 10.Qd2 Qa5 11.O-O-O Rfc8 12.Kb1 Ne5 13.Bg5 Nc4 14.Bxc4 Rxc4 15.Nb3 Qd8
16.e5 Ne8 17.Nd5 f6 18.Nxf6+ exf6 19.Qd5+ Kh8 20.exf6 Nxf6 21.Qxc4 Rc8 22.Qf4 Bf5
23.Nd4 Qb6 24.Bh6 Bxh6 25.Qxh6 Qc5 26.Nxf5 Qxc2+ 27.Ka1 Qxf5 28.Rxd6 Qe5
29.Qd2  1-0

[Event "Classics IM"]
[Site "Gausdal NOR"]
[Date "2003.04.05"]
[Round "3"]
[White "Hersvik,D"]
[Black "Saevareid,O"]
[Result "1-0"]
[WhiteElo "2304"]
[BlackElo "2136"]

1.e4 c5 2.Nf3 Nc6 3.Nc3 e5 4.Bc4 Be7 5.d3 h6 6.Be3 d6 7.h3 Nf6 8.a4 Nd4 9.Nd5 Nxf3+
10.Qxf3 O-O 11.g4 Nxd5 12.Bxd5 Be6 13.h4 Bxh4 14.Kd2 Bxd5 15.exd5 Bg5 16.Rh5 f6
17.Qe4 Qd7 18.Rah1 Rae8 19.R1h3 Rf7 20.Qg6 Kf8 21.Bxg5 fxg5 22.Rxh6 Qxg4
23.Rf3 Qxf3  1-0

[Event "National I"]
[Site "Besancon FRA"]
[Date "2003.04.06"]
[Round "6"]
[White "Arizmendi Martinez,J"]
[Black "Etchegaray,P"]
[Result "1-0"]
[WhiteElo "2516"]
[BlackElo "2352"]

1.e4 c5 2.Nf3 Nc6 3.Nc3 g6 4.d4 cxd4 5.Nxd4 Bg7 6.Be3 Nf6 7.Bc4 O-O 8.Bb3 d6
9.f3 Bd7 10.Qd2 Qa5 11.O-O-O Rfc8 12.Kb1 Ne5 13.Bg5 Nc4 14.Bxc4 Rxc4 15.Nb3 Qd8
16.e5 Ne8 17.Ne4 f6 18.Nxf6+ exf6 19.Qd5+ Kh8 20.exf6 Nxf6 21.Qxc4 Rc8 22.Qf4 Bf5
23.Nd4 Qb6 24.Bh6 Bxh6 25.Qxh6 Qc5 26.Nxf5 Qxc2+ 27.Ka1 Qxf5 28.Rxd6 Qe5
29.Qd2  1-0

[Event "National I"]
[Site "Bordeaux FRA"]
[Date "2003.04.06"]
[Round "6"]
[White "Skripchenko,A"]
[Black "Collas,D"]
[Result "1-0"]
[WhiteElo "2501"]
[BlackElo "2424"]

1.e4 c5 2.Nc3 Nc6 3.Bb5 Nf6 4.Bxc6 dxc6 5.d3 e5 6.h3 Nd7 7.Nf3 Bd6 8.O-O Nf8
9.Ne2 Ne6 10.c3 O-O 11.Be3 Qc7 12.Qc2 Re8 13.Rfe1 b6 14.a3 Bb7 15.Kh1 Rac8
16.b4 Qe7 17.Ng3 g6 18.bxc5 Nxc5 19.a4 Nd7 20.a5 c5 21.axb6 axb6 22.Ra7 Bc6
23.c4 Bb8 24.Ra6 Bb7 25.Ra2 Nf8 26.Rb1 Qd6 27.Rab2 Bc7 28.Ne2 Red8 29.Ne1 Ne6
30.Nc3 Nd4 31.Qd1 Ra8 32.Kg1 Bc6 33.Nd5 Bxd5 34.cxd5 Ra6 35.h4 Rda8 36.h5 f6
37.hxg6 hxg6 38.Bxd4 exd4 39.Qg4 Kg7 40.Nf3 Rh8 41.g3 Kf7 42.Nd2 Rb8 43.Nc4 Qe7
44.Kg2 Kg7 45.f4 Qe8 46.Rh1 Rd8 47.Rhb1 Rb8 48.d6 Bd8 49.Rh1 Ra7 50.Qh3 Qg8
51.e5 b5 52.Qh6+ Kf7 53.Re1 Rbb7 54.Nd2 Ke6 55.exf6+ Kxd6 56.Ne4+ Kc6 57.Qg5 Qd5
58.Qxg6 Rf7 59.Qg4 Kb6 60.Qg5 Qc6 61.Rc1 Bxf6 62.Qxc5+ Qxc5 63.Rxc5 Ra3 64.Rcxb5+ Ka7
65.Rf5 Ra6 66.Rxf6 Rfxf6 67.Nxf6 Rxf6 68.Rb4  1-0

[Event "29th ch-BAN"]
[Site "Dhaka BAN"]
[Date "2003.04.06"]
[Round "11"]
[White "Reefat,S"]
[Black "Mohammad,J"]
[Result "1-0"]
[WhiteElo "2451"]
[BlackElo "2100"]

1.e4 c5 2.Nf3 Nc6 3.Nc3 d6 4.d4 cxd4 5.Nxd4 Nf6 6.Bc4 e6 7.Be3 a6 8.Qe2 Qc7
9.O-O-O Be7 10.Rhg1 O-O 11.g4 b5 12.g5 Nd7 13.Nd5 exd5 14.Nxc6 dxc4 15.Nxe7+ Kh8
16.Qh5 Ne5 17.Nd5 Qa5 18.f4 Nc6 19.Nf6 gxf6 20.gxf6 Bf5 21.exf5  1-0

[Event "Team Cup"]
[Site "Belgrade YUG"]
[Date "2003.04.07"]
[Round "4"]
[White "Nikolic,Mo"]
[Black "Ivanovic,N"]
[Result "0-1"]
[WhiteElo "2276"]
[BlackElo "2224"]

1.e4 c5 2.Nf3 Nc6 3.Nc3 e5 4.Bc4 Be7 5.d3 d6 6.O-O Nf6 7.h3 O-O 8.Nd2 Be6
9.f4 exf4 10.Rxf4 d5 11.Bb5 Bd6 12.Rf1 Nd4 13.exd5 Nxd5 14.Nxd5 Bxd5 15.Bc4 Bc6
16.Ne4 b5 17.Bg5 Qc7 18.c3 bxc4 19.cxd4 Bxe4 20.dxe4 cxd4 21.Rc1 Qc5 22.Qg4 d3+
23.Kh1 Be5 24.Bh6 Kh8  0-1

[Event "ch-POLJ u20"]
[Site "Jarnoltowek POL"]
[Date "2003.04.07"]
[Round "1"]
[White "Gajewski,G"]
[Black "Zawadzki,S"]
[Result "1/2-1/2"]
[WhiteElo "2445"]
[BlackElo "2403"]

1.e4 c5 2.Nc3 Nc6 3.Bb5 Nd4 4.Bc4 g6 5.Nf3 Bg7 6.Nxd4 cxd4 7.Qf3 Nh6 8.Ne2 O-O
9.Bb3 d6 10.h4 Qa5 11.h5 g5 12.c3 dxc3 13.dxc3 Kh8 14.Qg3 Bf6 15.Be3 Ng4
16.Bd4 Bxd4 17.Nxd4 Qe5 18.Qxe5+ Nxe5 19.O-O-O h6 20.f3 Bd7 21.Rhe1 Rac8
22.g3 Rc5 23.Kb1 Kg7 24.Bd5 b6 25.Rd2 Rd8 26.Red1  1/2-1/2

[Event "Asian Teams"]
[Site "Jodhpur IND"]
[Date "2003.04.07"]
[Round "1"]
[White "Zhang Pengxiang"]
[Black "Ovezov,A"]
[Result "1-0"]
[WhiteElo "2557"]
[BlackElo "2358"]

1.e4 c5 2.Nc3 Nc6 3.Bb5 g6 4.Bxc6 dxc6 5.d3 Bg7 6.Be3 b6 7.Qd2 Qc7 8.h3 Ba6
9.b3 Rd8 10.Nge2 c4 11.bxc4 Bxc4 12.O-O Ba6 13.a4 Nf6 14.Qc1 h6 15.Qa3 O-O
16.a5 b5 17.Qc5 Rd7 18.Bf4 Qc8 19.Be3 Re8 20.Rab1 e5 21.Qa3 Nh5 22.Na2 g5
23.Bc5 Qa8 24.Nb4 Bc8 25.a6 Nf4 26.Nxf4 gxf4 27.f3 Re6 28.Rfd1 Rg6 29.Kh2 Kh7
30.c3 Rc7 31.Qa5 Qb8 32.d4 f5 33.Nd5 cxd5 34.Rxb5 Bb7 35.exf5 Qd8  1-0

[Event "ch-POLJ u20"]
[Site "Jarnoltowek POL"]
[Date "2003.04.09"]
[Round "4"]
[White "Zawadzki,S"]
[Black "Dziuba,M"]
[Result "1/2-1/2"]
[WhiteElo "2403"]
[BlackElo "2450"]

1.e4 c5 2.Nc3 Nc6 3.Bb5 Nd4 4.Bc4 e6 5.Nge2 Nf6 6.O-O a6 7.a4 d5 8.exd5 exd5
9.Ba2 Be6 10.d3 Bd6 11.Nxd4 cxd4 12.Ne2 Qb6 13.Bb3 O-O 14.h3 a5 15.f4 Rae8
16.Ng3 Bb4 17.f5 Bd7 18.Qf3 Re7 19.Bg5 h6 20.Bxf6 Qxf6 21.Nh5 Qg5 22.f6 Re3
23.Qxd5 Qxd5 24.Bxd5 g6 25.Nf4 g5 26.Nh5 b6 27.Bb3 Rfe8 28.Rac1 Bd2 29.Rcd1 Bb4
30.Rc1 Bd2 31.Rcd1 Be1 32.Ng7 R8e5  1/2-1/2

[Event "ch-SCO"]
[Site "Edinburgh SCO"]
[Date "2003.04.11"]
[Round "7"]
[White "Burnett,A"]
[Black "Brown,Ste"]
[Result "1-0"]
[WhiteElo "2145"]
[BlackElo "2174"]

1.e4 c5 2.Nc3 Nc6 3.Bb5 d6 4.Bxc6+ bxc6 5.f4 g6 6.Nf3 Bg7 7.d3 Nf6 8.O-O O-O
9.Qe1 d5 10.e5 Ne8 11.Qh4 f5 12.Ng5 h6 13.Nf3 Nc7 14.h3 e6 15.Qf2 Na6 16.g4 Rf7
17.Ne2 Bf8 18.gxf5 exf5 19.Kh2 Be7 20.Rg1 Kh7 21.Bd2 Be6 22.Rg2 Rg7 23.Rag1 Qd7
24.h4 h5 25.Ng5+ Bxg5 26.Rxg5 Bf7 27.Ng3 Rag8 28.Qg2 Be8 29.Qe2 Qe6 30.Ba5 Nb8
31.Bd8 Nd7 32.Qg2 Kh8 33.Nxh5 Rh7 34.Nf6 Nxe5 35.Nxh7 Ng4+ 36.Rxg4 fxg4 37.Ng5 Qd6
38.Qe2 Qxd8 39.Qe5+ Rg7 40.Qxg7+  1-0

[Event "Classics GM"]
[Site "Gausdal NOR"]
[Date "2003.04.11"]
[Round "11"]
[White "De Firmian,N"]
[Black "Lugovoi,A"]
[Result "0-1"]
[WhiteElo "2536"]
[BlackElo "2563"]

1.e4 c5 2.Nf3 Nc6 3.Nc3 d6 4.d4 cxd4 5.Nxd4 Nf6 6.Bc4 e6 7.Be3 a6 8.Bb3 Qc7
9.f4 Be7 10.f5 Nxd4 11.Qxd4 O-O 12.O-O b5 13.h3 Rb8 14.fxe6 Bxe6 15.Rf2 b4
16.Nd5 Nxd5 17.exd5 Bd7 18.c4 bxc3 19.bxc3 f5 20.Qd3 a5 21.Bd4 Bf6 22.Bxf6 Rxf6
23.Rf4 Qc5+ 24.Qd4 Rc8 25.c4 Rff8 26.Qxc5 Rxc5 27.Bc2 g5 28.Rd4 Rfc8 29.h4 h6
30.hxg5 hxg5 31.Rc1 Kg7 32.Bd1 Kf6 33.Rd3 a4 34.Rdc3 Re8 35.Kf2 Rb8 36.R1c2 Rcc8
37.g3 Rb1 38.Rd2 Rh8 39.Kg2 Rhb8 40.a3 R1b2 41.Rxb2 Rxb2+ 42.Kf3 Ke5 43.Re3+ Kd4
44.Re7 g4+ 45.Kf4 Rf2+ 46.Kg5 f4 47.gxf4  0-1

[Event "ch-POLJ u20 w"]
[Site "Jarnoltowek POL"]
[Date "2003.04.11"]
[Round "6"]
[White "Kupczyk,E"]
[Black "Majdan,J"]
[Result "1-0"]
[WhiteElo "2129"]
[BlackElo "2170"]

1.e4 c5 2.Nf3 Nc6 3.Nc3 d6 4.d4 cxd4 5.Nxd4 Nf6 6.Bc4 e6 7.Be3 Be7 8.Bb3 e5
9.Nf5 Bxf5 10.exf5 h5 11.a3 Qd7 12.Qd3 h4 13.O-O-O Rh5 14.Rhe1 Rxf5 15.Qc4 Bf8
16.Qxh4 Rh5 17.Qa4 Rxh2 18.Nb5 Rd8 19.Bc5 Qg4 20.Bxd6 Bxd6 21.Nxd6+ Ke7 22.Nxb7 Rxd1+
23.Rxd1 Qxa4 24.Bxa4 Nd4 25.Re1 Rxg2 26.Rxe5+ Kf8 27.c3 Nf3 28.Re2 Ng1 29.Rd2 Nf3
30.Bc6 Rg1+ 31.Rd1 Rxd1+ 32.Kxd1 Ne5 33.Bb5 g5 34.Nd6 Nfg4 35.Ke2 Ke7 36.Nc8+ Kd8
37.Nxa7 Kc7 38.Ba4 Nc4 39.Nb5+ Kb6 40.b3 Nb2 41.Nd6 Nxa4 42.bxa4 Ne5 43.Ke3 Ka5
44.Kd4 Nf3+ 45.Ke4 Nd2+ 46.Kd3 Nf3 47.Nxf7 Kxa4 48.Ke3 Nh4 49.Nxg5 Kxa3 50.Ne4 Kb3
51.Kd4 Ng6 52.c4 Ne7 53.c5 Kb4 54.Ke5 Kb5 55.Ke6 Ng6 56.Kd6 Nh4 57.Kd7 Nf3
58.Kd6 Nd4 59.f4 Nf5+ 60.Ke5 Ne3 61.f5 Kc6 62.f6 Ng4+ 63.Ke6  1-0